000 01465cam a2200397 i 4500
001 196748
003 ES-MaACL
005 20250804062714.0
008 241025s2003 sp | ||| ||spa
016 7 _abimoBNE20031072819
_2SpMaBN
017 _aB 34707-2003
_bOficina Depósito Legal Barcelona
020 _a8483102471
035 _a(OCoLC)53143769
035 _a(SpMaBN)bimo0001904518
040 _aSpMaBN
_bspa
_cSpMaBN
_erdc
080 _a821.131.1-31"19"
100 1 _aAgnello Hornby, Simonetta,
_d1945-
_9239289
_eaut
240 1 3 _aLa Mennulara
_lEspañol
245 1 3 _aLa Mennulara /
_cSimonetta Agnello Hornby ; traducción de Carlos Gumpert.
_h[Texto impreso]
250 _aPrimera edición: septiembre 2003
260 _aBarcelona :
_bTusquets,
_c2003.
300 _a321 páginas ;
_c21 cm
336 _2rdacontent
_atexto
337 _2rdamedia
_asin mediación
338 _2rdacarrier
_avolumen
490 1 _aColección Andanzas ;
_v517
594 _aTraducción de: La Mennulara
655 0 _aNovelas
_9234319
852 _aES-MaACL
_cDEPOJ
_jN-10251
_hDonación: José Lázaro García
_xEncuadernación rústica con solapas
_9206377
903 _9234219
_aLázaro García, José
_ednr
942 _cMONOGRAFIA
_n0
999 _c196748
_d196748